|
|
|
|
| LEADER |
00757nam a2200181 i 4500 |
| 001 |
misc45686 |
| 005 |
20200717140546.0 |
| 008 |
190222s1819 hu o 0|| lat d |
| 040 |
|
|
|a SZTE Miscellanea Repozitórium
|b hun
|
| 041 |
|
|
|a lat
|
| 100 |
1 |
|
|a Vuchetich Mátyás
|
| 245 |
1 |
0 |
|a Institutiones iuris criminalis Hungarici in usum academiarum regni Hungariae
|h [elektronikus dokumentum] /
|c Vuchetich Mátyás
|
| 260 |
|
|
|a typ. Regiae Universitatis Hungaricae
|b [Buda] Budae
|c 1819
|
| 300 |
|
|
|a XXVIII, 538 p.
|c 8o
|
| 561 |
|
|
|a Poór Imre hagyaték
|
| 591 |
|
|
|a Prof. Dr. Poór Ferenc ajándéka (pecsét), Gabrielis Ozorószky mp.
|
| 695 |
|
|
|a Büntetőjog - magyar, Jogtudomány
|
| 856 |
4 |
0 |
|u http://misc.bibl.u-szeged.hu/45686/1/borklinika_278.pdf
|z Dokumentum-elérés
|